00533 2200193 4500001002100000005001700021006001900038008004100057020002200098035002500120041000700145082001100152090001700163100001600180245005800196260003100254300003000285650002400315INLIS00000000000408320140307111814.0a ||| | 180719| ||| | id  a978-979-543-820-5 a0010-031300000004083 aid0 a005.55 a005.55 SUH m0 aEdi Suhendi00aMengelola data dengan SPSS 16.0 untuk peneliti pemula aBandungbYrama Widyac2009 a138 + vi hlm 12,5 x 19 cm 0amanagemen informasi